01006nam a22002417a 450000500170000000800410001702000180005804000070007604100120008308200170009510000330011224500330014526000410017830000290021936500610024865000290030970000310033870000240036994200120039399900190040595201700042495201700059420260323111721.0260323b |||||||| |||| 00| 0 eng d a9789357460569 cAL aEnglish a005.43bSILO aAbraham Silberschatz9259018 aOperating systemb: concepts aNew DelhibWiley India Pvt Ltdc2023 axxii,864p.bPBc25x20cm. aABDI/0854/26b₹636.75c₹d₹849.00e25%f19-02-2026 aComputer Science9259019 aGalvin, Peter Baer9259020 aGagne, Greg9259021 2ddccBK c241038d241038 00102ddc40708CSEaSEbSEd2026-03-06eAcademic Book Distributors, Bengaluru-562159g636.75l0o005.43 SILOpSE000276r2026-03-23 11:28:00v849.00w2026-02-19yBK 00102ddc40708CSEaSEbSEd2026-03-06eAcademic Book Distributors, Bengaluru-562159g636.75l0o005.43 SILOpSE000277r2026-03-23 11:28:00v849.00w2026-02-19yBK